00565nam a22001577a 450000500170000001000150001702000300003203500140006203700130007608200100008910000180009924500810011726000610019827000770025930000710033620210219133024.0 aENG-129041 c699.00a978-1-4746-1067-4 aEN-112573 bDBAD/PUB a327.5 aKhanna, Parag aThe Future is Asian: Global Order in the Twenty-First Century/cParag Khanna aGurugrambHachette Book Publishing India Pvt. Ltd.c2019 bGurugrama4th/5th Floors, Corporate Centre, Plot No- 94, Sec- 44e122003 a433p.c24cm(pbk)bIncluding bibliographical references and index.